Chinese cinema : culture and politics since 1949 /

Bibliographic Details
Main Author: Clark, Paul, 1949-
Format: Book
Language:English
Published: Cambridge [Cambridgeshire] ; New York : Cambridge University Press, 1987.
Series:Cambridge studies in film.
Subjects:

MARC

Tag First Indicator Second Indicator Subfields
LEADER 00000cam a22000008a 4500
001 in00000018857
005 20151007054102.0
008 870903s1987 enka b 00110 eng
010 |a  87026785  
020 |a 0521326389 
035 |a (OCoLC)16713280 
035 |9 AAB3934AM 
040 |a DLC  |c DLC  |d TXA  |d UtOrBLW 
043 |a a-cc--- 
049 |a TXAM  |c [A11495883] 
050 0 0 |a PN1993.5.C4  |b C58 1987 
082 0 |a 791.43/0951  |2 19 
100 1 |a Clark, Paul,  |d 1949- 
245 1 0 |a Chinese cinema :  |b culture and politics since 1949 /  |c Paul Clark. 
264 1 |a Cambridge [Cambridgeshire] ;  |a New York :  |b Cambridge University Press,  |c 1987. 
300 |a vii, 243 pages :  |b illustrations 
336 |a text  |b txt  |2 rdacontent 
337 |a unmediated  |b n  |2 rdamedia 
338 |a volume  |b nc  |2 rdacarrier 
490 1 |a Cambridge studies in film 
504 |a Bibliography: pages 227-236. 
500 |a Includes index. 
650 0 |a Motion pictures  |z China  |x History. 
830 0 |a Cambridge studies in film. 
999 |a MARS 
999 f f |s fc7d0fc5-0d21-3db1-b8e5-ee145ff81423  |i 293bc6d4-b19d-3617-a7f7-7919777f82f1  |t 0 
952 f f |p ric  |a Texas A&M University  |b Rellis Campus  |c Joint Library Facility  |d Remote Storage  |t 0  |e PN1993.5.C4 C58 1987  |h Library of Congress classification  |i unmediated -- volume  |m A14811495883 
998 f f |a PN1993.5.C4 C58 1987  |t 0  |l Remote Storage